000 02837nam0a2200373 4500
001 RU\NLR\BIBL_A\012519939
005 20241106103046.0
010 _a978-5-00081-330-0
_9100
021 _aRU
_bКН-П-20-089516
_9КН-П-20-6799
035 _a(NLR Aleph) 012519939
035 _a(RuMoRGB)010541993
090 _a12319341
_c12319341
100 _a20210518d2020 u y0rusy50 ca
101 0 _arus
_deng
102 _aRU
105 _aa|||z|||000zy
181 0 _ai
_baxxe
182 0 _an
200 1 _aКорпоративный юрист: магистерская научная школа
_eсборник статей
_eв основе сборника тезисы выступлений и докладов на I Международной научно-практической конференции "Современные тенденции развития информационных технологий в научных исследованиях и прикладных областях", проходившей на базе СК ГМИ (ГТУ), 27-28 марта 2020 г.
_fМинистерство науки и высшего образования РФ, ФГБОУ ВО "Северо-Кавказский горно-металлургический институт (государственный технологический университет)"
_gсост. и ред.: Л. Т. Кокоевой, С. Р. Чеджемова
203 _aТекст
_bвизуальный
_cнепосредственный
210 _aВладикавказ
_cСеверо-Кавказский горно-металлургический институт (государственный технологический университет)
_d2020
215 _a325, [1] с.
_cил.
_d20
320 _aБиблиогр. в конце ст. и в подстроч. примеч.
606 1 _aПраво
_yРоссийская Федерация
_jСборники
_2nlr_sh1
_2nlr_sh2
_3RU\NLR\AUTH\661244932
686 1 _aХ62я43
702 1 _aКокоева
_bЛ. Т.
_gЛуиза Темболатовна
_4220
711 1 2 _a"Современные тенденции развития информационных технологий в научных исследованиях и прикладных областях", международная научно-практическая конференция
_d1
_f2020
_eВладикавказ
_3RU\NLR\AUTH\880543117
712 0 2 _aСеверо-Кавказский горно-металлургический институт
_cВладикавказ
_3RU\NLR\AUTH\8810069073
_4475
942 _cBOOK
980 _aNBR
980 _aNB